| 000 | 00337nam a22001457a 4500 | ||
|---|---|---|---|
| 003 | OSt | ||
| 005 | 20160727222454.0 | ||
| 008 | 160705b xxu||||| |||| 00| 0 eng d | ||
| 040 | _ctest | ||
| 100 |
_92130 _a Glasser, W |
||
| 245 | _aReality Therapy | ||
| 260 |
_aN.Y _b Harper & Row _c1965 |
||
| 300 | _aReality Therapy | ||
| 942 |
_2ddc _cBK |
||
| 999 |
_c1824 _d1824 |
||